Statistics for The Occult and Magic quiz

Click here to take the quiz!

General Stats

  • This quiz has been taken 120 times
  • The average score is 6 of 15

Answer Stats

QuestionAnswer% Correct
Spell is...A magical formula, an incantation
76%
Hex means...A curse done by using witchcraft/magic
72%
Amulet is a...Good luck charm
69%
Boline is...A Wiccan ritual knife
50%
Gray magic is most accurately described as...Neutral magic
50%
Baphomet is...Eliphas Levi's drawing representing the sum total of the universe
42%
Geomancy is a method of divination using...Soil, rocks or sand
42%
Mesmerism means...An invisible natural force possessed by all living things
38%
Ectoplasm in the paranormal sense is...Something formed/externalized by physical mediums when in trance
37%
What are the "Akashic Records"?A compendium of all human events, thoughts, etc in the past, present and future
35%
Ouija is originally...A brand name for/and a parlor game developed in the US
33%
Thaumaturgy means...Magician's capability to work magic
23%
Cleromancy is getting to know your fate by...Casting something e.g. dice
11%
Santería is...Yoruba origined Afro-American religion
11%
Mojo means...An amulet consisting of a small bag including magical items
10%

Score Distribution

Percentile by Number Answered

Percent of People with Each Score

Your Score History

You have not taken this quiz